[Event "SRB-chT (Women) Div1"]
[Site "Senta"]
[Date "2023.10.20"]
[Round "11.4"]
[White "Srdanovic, Jovana"]
[Black "Radenkovic, Mina"]
[Result "1-0"]
[WhiteElo "2143"]
[BlackElo "1484"]
[PlyCount "65"]
[EventDate "2023.10.10"]
[EventType "team-tourn"]
[EventRounds "11"]
[EventCountry "SRB"]
[SourceTitle "Mega2024 Update 01"]
[Source "Chessbase"]
[SourceDate "2023.11.12"]
[SourceVersion "1"]
[SourceVersionDate "2023.11.12"]
[SourceQuality "1"]
[WhiteTeam "Belgrade Crvena Zvezda (W)"]
[BlackTeam "Novi Sad Sah Kruzok (W)"]
[WhiteTeamCountry "SRB"]
[BlackTeamCountry "SRB"]

1. d4 d6 2. c4 g6 3. Nc3 Bg7 4. e4 Nd7 5. Be3 Ngf6 6. Be2 0-0 7. g4 h6 8. h4 Nh7 9. Qd2 e5 10. d5 Ndf6 11. f3 h5 12. g5 Nd7 13. Nh3 Re8 14. Nf2 a5 15. b3 b6 16. a3 Nc5 17. Rb1 a4 18. b4 Nb3 19. Qb2 Bd7 20. Rg1 Nf8 21. Nd3 f5 22. Bd1 Nd4 23. Qg2 Qe7 24. Kd2 Reb8 25. Rf1 c5 26. b5 f4 27. Bxd4 cxd4 28. Nxa4 Ra7 29. Nb4 Qe8 30. Nc6 Rxa4 31. Bxa4 Ra8 32. Rb4 Qc8 33. Ne7+ 1-0

[Event "SRB-chT (Women) Div1"]
[Site "Senta"]
[Date "2023.10.19"]
[Round "10.4"]
[White "Radenkovic, Mina"]
[Black "Arsovic, Jelena"]
[Result "0-1"]
[WhiteElo "1484"]
[BlackElo "1963"]
[PlyCount "90"]
[EventDate "2023.10.10"]
[EventType "team-tourn"]
[EventRounds "11"]
[EventCountry "SRB"]
[SourceTitle "Mega2024 Update 01"]
[Source "Chessbase"]
[SourceDate "2023.11.12"]
[SourceVersion "1"]
[SourceVersionDate "2023.11.12"]
[SourceQuality "1"]
[WhiteTeam "Novi Sad Sah Kruzok (W)"]
[BlackTeam "Kac Jugovic (W)"]
[WhiteTeamCountry "SRB"]
[BlackTeamCountry "SRB"]

1. d4 d5 2. Nf3 Nf6 3. e3 Bg4 4. Nbd2 e6 5. Bd3 c5 6. b3 Nc6 7. Bb2 Bd6 8. 0-0 0-0 9. h3 Bh5 10. c4 cxd4 11. exd4 Bf4 12. Qc2 Nb4 13. Qc3 Nxd3 14. Qxd3 Rc8 15. g3 dxc4 16. bxc4 Bd6 17. Rac1 Qc7 18. c5 Bxg3 19. fxg3 Qxg3+ 20. Kh1 Qxh3+ 21. Kg1 Qg3+ 22. Kh1 Rfd8 23. Ne5 Qxd3 24. Nxd3 Be2 25. Ne5 Bxf1 26. Rxf1 Rc7 27. Nec4 Rd5 28. Nd6 Rh5+ 29. Kg2 Nd5 30. Rf3 b6 31. Nb5 Re7 32. cxb6 Nxb6 33. Ba3 Rd7 34. Bc5 Na4 35. Ne4 e5 36. Bxa7 exd4 37. Ned6 d3 38. Rxd3 Rxb5 39. Re3 Rb2+ 40. Kf3 h5 41. Bd4 Rxd6 42. Bxb2 Nxb2 43. Re2 Nc4 44. a4 Ra6 45. Ra2 Nb6 0-1

[Event "SRB-chT (Women) Div1"]
[Site "Senta"]
[Date "2023.10.18"]
[Round "9.4"]
[White "Zarkovic, Mila"]
[Black "Radenkovic, Mina"]
[Result "1-0"]
[WhiteElo "2199"]
[BlackElo "1484"]
[PlyCount "31"]
[EventDate "2023.10.10"]
[EventType "team-tourn"]
[EventRounds "11"]
[EventCountry "SRB"]
[SourceTitle "Mega2024 Update 01"]
[Source "Chessbase"]
[SourceDate "2023.11.12"]
[SourceVersion "1"]
[SourceVersionDate "2023.11.12"]
[SourceQuality "1"]
[WhiteTeam "Sremska Mitrovica Sirmium (W)"]
[BlackTeam "Novi Sad Sah Kruzok (W)"]
[WhiteTeamCountry "SRB"]
[BlackTeamCountry "SRB"]

1. e4 d6 2. d4 g6 3. Nc3 Nf6 4. Be3 c6 5. Qd2 Nbd7 6. Nf3 Bg7 7. Bh6 0-0 8. Bxg7 Kxg7 9. h4 e5 10. 0-0-0 Qa5 11. h5 b5 12. hxg6 fxg6 13. Qh6+ Kg8 14. Ng5 Re8 15. Nxh7 Nxh7 16. Qxg6+ 1-0

[Event "SRB-chT (Women) Div1"]
[Site "Senta"]
[Date "2023.10.17"]
[Round "8.4"]
[White "Radenkovic, Mina"]
[Black "Milutinovic, Stefana"]
[Result "0-1"]
[WhiteElo "1484"]
[BlackElo "2117"]
[PlyCount "70"]
[EventDate "2023.10.10"]
[EventType "team-tourn"]
[EventRounds "11"]
[EventCountry "SRB"]
[SourceTitle "Mega2024 Update 01"]
[Source "Chessbase"]
[SourceDate "2023.11.12"]
[SourceVersion "1"]
[SourceVersionDate "2023.11.12"]
[SourceQuality "1"]
[WhiteTeam "Novi Sad Sah Kruzok (W)"]
[BlackTeam "Belgrade Rad (W)"]
[WhiteTeamCountry "SRB"]
[BlackTeamCountry "SRB"]

1. d4 Nf6 2. Nf3 c5 3. d5 e6 4. Nc3 b5 5. dxe6 fxe6 6. Bf4 d5 7. e3 a6 8. Be2 Bd6 9. Bxd6 Qxd6 10. e4 Nbd7 11. exd5 exd5 12. 0-0 0-0 13. Ng5 Bb7 14. Nce4 Nxe4 15. Nxe4 Qe5 16. Bg4 Qxe4 17. Bxd7 d4 18. f3 Qd5 19. Bh3 Qg5 20. c3 Rad8 21. cxd4 cxd4 22. Rc1 Kh8 23. Rc7 Bd5 24. b3 Qe3+ 25. Kh1 Rfe8 26. Bf5 Qe5 27. Ra7 Qxf5 28. Qxd4 Qg6 29. Qb2 Rd6 30. Rc1 Rde6 31. Qc3 Re2 32. g3 R2e3 33. Qd4 Rd3 34. Qb2 Rxf3 35. Kg1 Qb6+ 0-1

[Event "SRB-chT (Women)"]
[Site "Custica"]
[Date "2022.10.25"]
[Round "4.2"]
[White "Radenkovic, Mina"]
[Black "Rakic, Teodora"]
[Result "0-1"]
[WhiteElo "1541"]
[BlackElo "1974"]
[PlyCount "52"]
[EventDate "2022.10.22"]
[EventType "team-tourn"]
[EventRounds "11"]
[EventCountry "SRB"]
[SourceTitle "EXT 2024"]
[Source "ChessBase"]
[SourceDate "2023.10.10"]
[SourceVersion "1"]
[SourceVersionDate "2023.10.10"]
[SourceQuality "1"]
[WhiteTeam "Novi Banovci (W)"]
[BlackTeam "Belgrade Rad (W)"]
[WhiteTeamCountry "SRB"]
[BlackTeamCountry "SRB"]

1. e4 g6 2. d4 d6 3. Nc3 Bg7 4. Be3 c6 5. f3 Qc7 6. a4 Nd7 7. Qd2 b6 8. b3 a6 9. Nge2 Bb7 10. g3 h5 11. Bg2 Rc8 12. Rd1 c5 13. d5 Rb8 14. Nf4 Bc8 15. Bf1 Ne5 16. Be2 Bd7 17. 0-0 b5 18. axb5 axb5 19. Ra1 b4 20. Na4 Nh6 21. Ra2 f5 22. Ne6 Bxe6 23. dxe6 Qc8 24. f4 Neg4 25. exf5 Nxe3 26. Qxe3 Bd4 0-1

[Event "SRB-ch U18 Girls"]
[Site "Subotica"]
[Date "2021.05.07"]
[Round "6"]
[White "Djordjevic, Nevena"]
[Black "Radenkovic, Mina"]
[Result "1-0"]
[WhiteElo "1983"]
[BlackElo "1479"]
[PlyCount "91"]
[EventDate "2021.05.03"]
[EventType "swiss"]
[EventRounds "9"]
[EventCountry "SRB"]
[SourceTitle "EXT 2022"]
[Source "ChessBase"]
[SourceDate "2021.10.06"]
[SourceVersion "1"]
[SourceVersionDate "2021.10.06"]
[SourceQuality "1"]

1. d4 g6 2. Nf3 d6 3. c4 Bg7 4. Nc3 Nf6 5. e4 Bg4 6. Be2 Nc6 7. Be3 Nd7 8. 0-0 0-0 9. Rc1 e5 10. d5 Bxf3 11. Bxf3 Nd4 12. Nb5 Nxf3+ 13. Qxf3 f5 14. Nc3 fxe4 15. Qxe4 Nf6 16. Qh4 Qd7 17. f3 Rae8 18. Rfe1 Nh5 19. b3 Nf4 20. Rcd1 a6 21. Ne4 Qf5 22. Ng5 h6 23. Bxf4 Qxf4 24. Qxf4 Rxf4 25. Ne6 Rf7 26. Re4 c5 27. Rb1 a5 28. a3 a4 29. b4 b6 30. bxc5 bxc5 31. Rb6 Rd7 32. Re1 Ra8 33. Reb1 Raa7 34. Kf2 Kf7 35. Rb8 g5 36. Ke3 Kg6 37. R1b6 h5 38. Nxc5 Kf7 39. Ne4 g4 40. Nxd6+ Ke7 41. Re8+ Kf6 42. Re6+ Kg5 43. Ne4+ Kf5 44. Ng3+ Kg5 45. Rg6+ Kh4 46. Nf5# 1-0

[Event "SRB-ch U18 Girls"]
[Site "Subotica"]
[Date "2021.05.06"]
[Round "5"]
[White "Horvat, Evelin"]
[Black "Radenkovic, Mina"]
[Result "0-1"]
[WhiteElo "1161"]
[BlackElo "1479"]
[PlyCount "61"]
[EventDate "2021.05.03"]
[EventType "swiss"]
[EventRounds "9"]
[EventCountry "SRB"]
[SourceTitle "EXT 2022"]
[Source "ChessBase"]
[SourceDate "2021.10.06"]
[SourceVersion "1"]
[SourceVersionDate "2021.10.06"]
[SourceQuality "1"]

1. d4 d6 2. c4 g6 3. Nc3 Bg7 4. Nf3 Nf6 5. e4 0-0 6. Be2 Nbd7 7. Be3 c6 8. 0-0 a6 9. b4 b5 10. e5 dxe5 11. dxe5 Ng4 12. Bd4 Ngxe5 13. c5 a5 14. a3 axb4 15. axb4 Rxa1 16. Qxa1 Nxf3+ 17. Bxf3 Bxd4 18. Bxc6 Qc7 19. Bxb5 Qb8 20. Qc1 Bxc3 21. Bxd7 Qxb4 22. c6 Rd8 23. Rd1 Qa4 24. h3 Be5 25. c7 Rxd7 26. Re1 Rxc7 27. Qb1 Be6 28. Re4 Qc2 29. Qxc2 Rxc2 30. g3 Rc1+ 31. Kg2 0-1

[Event "SRB-ch U16 Girls"]
[Site "Kragujevac"]
[Date "2019.04.30"]
[Round "2"]
[White "Radenkovic, Mina"]
[Black "Stosic, Anastasija"]
[Result "1/2-1/2"]
[WhiteElo "1434"]
[BlackElo "1443"]
[PlyCount "46"]
[EventDate "2019.04.29"]
[EventType "swiss"]
[EventRounds "9"]
[EventCountry "SRB"]
[SourceTitle "EXT 2022"]
[Source "ChessBase"]
[SourceDate "2021.10.06"]
[SourceVersion "1"]
[SourceVersionDate "2021.10.06"]
[SourceQuality "1"]

1. d4 d5 2. Bf4 Nf6 3. Nf3 e6 4. e3 Bd6 5. Bg3 0-0 6. Nbd2 b6 7. Bd3 Bb7 8. Ne5 c5 9. c3 Qc7 10. 0-0 Nbd7 11. Ndf3 Ne4 12. Nxd7 Qxd7 13. Ne5 Qc7 14. Qg4 Rad8 15. Bxe4 dxe4 16. Bh4 Be7 17. Bxe7 Qxe7 18. f3 exf3 19. gxf3 f6 20. Nd3 Ba6 21. Rfd1 e5 22. Ne1 exd4 23. exd4 Be2 1/2-1/2

[Event "SRB-ch U16 Girls"]
[Site "Novi Sad"]
[Date "2018.04.08"]
[Round "9"]
[White "Srdanovic, Jovana"]
[Black "Radenkovic, Mina"]
[Result "1-0"]
[WhiteElo "2024"]
[BlackElo "1286"]
[PlyCount "79"]
[EventDate "2018.04.02"]
[EventType "swiss"]
[EventRounds "9"]
[EventCountry "SRB"]
[SourceTitle "EXT 2019"]
[Source "ChessBase"]
[SourceDate "2018.10.10"]
[SourceVersion "1"]
[SourceVersionDate "2018.10.10"]
[SourceQuality "1"]

1. d4 d5 2. Bf4 e6 3. e3 Nc6 4. Nf3 g6 5. h3 Bg7 6. c4 Nf6 7. Nc3 0-0 8. Be2 b6 9. 0-0 Bb7 10. Rc1 Rc8 11. Qa4 a5 12. a3 Ne4 13. cxd5 exd5 14. Nxe4 dxe4 15. Nd2 Ne7 16. Rfd1 f5 17. Bc4+ Kh8 18. Be6 Ra8 19. Bxc7 Qe8 20. Qxe8 Rfxe8 21. Bd7 Rf8 22. Bxb6 Nd5 23. Bc5 Rfd8 24. Ba4 Rdc8 25. Nc4 Bc6 26. Bxc6 Rxc6 27. b4 axb4 28. axb4 Ra4 29. b5 Rc8 30. Nd6 Rc7 31. b6 Rd7 32. b7 Rd8 33. Nf7+ Kg8 34. Nxd8 Nb4 35. b8Q Na6 36. Qd6 Nxc5 37. Qd5+ Kh8 38. Nf7+ Kg8 39. Nh6+ Kh8 40. Qg8# 1-0

[Event "SRB-ch U16 Girls"]
[Site "Novi Sad"]
[Date "2018.04.07"]
[Round "7"]
[White "Radenkovic, Mina"]
[Black "Stevanovic, Jelena"]
[Result "0-1"]
[WhiteElo "1286"]
[BlackElo "1610"]
[PlyCount "60"]
[EventDate "2018.04.02"]
[EventType "swiss"]
[EventRounds "9"]
[EventCountry "SRB"]
[SourceTitle "EXT 2019"]
[Source "ChessBase"]
[SourceDate "2018.10.10"]
[SourceVersion "1"]
[SourceVersionDate "2018.10.10"]
[SourceQuality "1"]

1. d4 d5 2. Nf3 Nf6 3. e3 Bg4 4. Nbd2 e6 5. a3 c5 6. b3 Ne4 7. h3 Nc3 8. Bb5+ Ke7 9. hxg4 Nxd1 10. Kxd1 a6 11. Bd3 Nd7 12. Bb2 Qc7 13. c4 Ke8 14. g5 h6 15. gxh6 Rxh6 16. Rxh6 gxh6 17. cxd5 exd5 18. Rc1 b6 19. b4 c4 20. Bc2 f5 21. Ne5 Nxe5 22. dxe5 a5 23. b5 a4 24. Bd4 Bc5 25. f4 Bxd4 26. exd4 Qe7 27. g3 Qxa3 28. Nb1 Qxg3 29. Nc3 Qg1+ 30. Kd2 Qxd4+ 0-1

[Event "SRB-ch U16 Girls"]
[Site "Novi Sad"]
[Date "2018.04.06"]
[Round "6"]
[White "Milanovic, Nikolina"]
[Black "Radenkovic, Mina"]
[Result "1-0"]
[WhiteElo "1469"]
[BlackElo "1286"]
[PlyCount "51"]
[EventDate "2018.04.02"]
[EventType "swiss"]
[EventRounds "9"]
[EventCountry "SRB"]
[SourceTitle "EXT 2019"]
[Source "ChessBase"]
[SourceDate "2018.10.10"]
[SourceVersion "1"]
[SourceVersionDate "2018.10.10"]
[SourceQuality "1"]

1. e4 d5 2. d4 e6 3. Nc3 g6 4. Nf3 Bg7 5. Be2 Nc6 6. Be3 f6 7. Qd2 Nge7 8. a3 a6 9. h4 h5 10. 0-0-0 b5 11. b4 Bb7 12. Rdg1 dxe4 13. Nxe4 Nxb4 14. Nxf6+ Bxf6 15. axb4 Qd5 16. Qc3 0-0-0 17. Ne5 Bxe5 18. dxe5 Nc6 19. Bg5 Rdf8 20. Bf6 Rhg8 21. Rd1 Qxg2 22. Bf3 Qxf2 23. Bxc6 Bxc6 24. Qxc6 Qf4+ 25. Rd2 Qxb4 26. Qa8# 1-0

[Event "SRB-ch U16 Girls"]
[Site "Novi Sad"]
[Date "2018.04.03"]
[Round "2"]
[White "Nestorovic, Katarina"]
[Black "Radenkovic, Mina"]
[Result "1-0"]
[WhiteElo "2030"]
[BlackElo "1286"]
[PlyCount "45"]
[EventDate "2018.04.02"]
[EventType "swiss"]
[EventRounds "9"]
[EventCountry "SRB"]
[SourceTitle "EXT 2019"]
[Source "ChessBase"]
[SourceDate "2018.10.10"]
[SourceVersion "1"]
[SourceVersionDate "2018.10.10"]
[SourceQuality "1"]

1. e4 d5 2. exd5 Qxd5 3. Nc3 Qa5 4. d4 Nf6 5. Bc4 c6 6. Bd2 Bf5 7. Nd5 Qd8 8. Nxf6+ gxf6 9. c3 e6 10. Ne2 Bg7 11. Nf4 0-0 12. g4 Be4 13. Rg1 Kh8 14. Qe2 f5 15. gxf5 Bxf5 16. 0-0-0 Rg8 17. Nh5 Qf8 18. Nxg7 Qd6 19. Nxf5 exf5 20. Rxg8+ Kxg8 21. Qe8+ Qf8 22. Rg1+ Kh8 23. Qxf8# 1-0

[Event "SRB-ch U14 Girls"]
[Site "Kragujevac"]
[Date "2017.04.17"]
[Round "9"]
[White "Radenkovic, Mina"]
[Black "Trajkovic, Nada"]
[Result "0-1"]
[WhiteElo "1237"]
[BlackElo "1594"]
[PlyCount "82"]
[EventDate "2017.04.11"]
[EventType "swiss"]
[EventRounds "9"]
[EventCountry "SRB"]
[SourceTitle "EXT 2019"]
[Source "ChessBase"]
[SourceDate "2018.10.10"]
[SourceVersion "1"]
[SourceVersionDate "2018.10.10"]
[SourceQuality "1"]

1. d4 c5 2. e3 e6 3. Nf3 Nf6 4. Bd3 Nc6 5. b3 Be7 6. Bb2 0-0 7. 0-0 b6 8. Nbd2 Bb7 9. a3 Qc7 10. Qe2 d6 11. Ne4 Rfe8 12. Nxf6+ Bxf6 13. c4 Na5 14. dxc5 Bxf3 15. cxd6 Bxe2 16. dxc7 Bxf1 17. Bxf1 Bxb2 18. Ra2 Be5 19. b4 Nb7 20. Rd2 Bxc7 21. Rd7 Rac8 22. g3 Red8 23. Rxd8+ Rxd8 24. Bg2 Rd1+ 25. Bf1 Ra1 26. a4 Rxa4 27. b5 Nd6 28. Kg2 Nxc4 29. Bxc4 Rxc4 30. Kf3 Rb4 31. Ke2 Rxb5 32. h3 a5 33. g4 a4 34. Kd3 Rc5 35. Ke2 a3 36. Kf3 a2 37. Kg2 a1Q 38. Kf3 Qh1+ 39. Ke2 Rc2+ 40. Kd3 Qd1+ 41. Ke4 Qd5# 0-1

[Event "Vojvodina-chT (Women)"]
[Site "Kac"]
[Date "2016.10.21"]
[Round "2"]
[White "Ledenjak, Magdolna"]
[Black "Radenkovic, Mina"]
[Result "1/2-1/2"]
[WhiteElo "1690"]
[BlackElo "1227"]
[PlyCount "47"]
[EventDate "2016.10.20"]
[EventType "team-tourn"]
[EventRounds "5"]
[EventCountry "SRB"]
[SourceTitle "EXT 2019"]
[Source "ChessBase"]
[SourceDate "2018.10.10"]
[SourceVersion "1"]
[SourceVersionDate "2018.10.10"]
[SourceQuality "1"]

1. e4 e5 2. Nc3 Nc6 3. Bc4 Bc5 4. d3 Nf6 5. h3 0-0 6. Bg5 h6 7. Bh4 Be7 8. Bxf6 Bxf6 9. Nd5 d6 10. c3 a5 11. Ne2 b6 12. Ng3 Bh4 13. Qf3 Bxg3 14. fxg3 Ne7 15. Nxe7+ Qxe7 16. 0-0-0 Be6 17. Bxe6 fxe6 18. Qe3 Rf6 19. Rhf1 Raf8 20. Rf3 Rxf3 21. gxf3 d5 22. Rf1 Rf6 23. exd5 exd5 24. Re1 1/2-1/2